Fawlty Towers Episodes Quiz Stats

 Plays Quiz Updated Mar 4, 2020

Support Sporcle.
Go Orange.
Score 0/12 Timer 05:00
0 Plays Today
Ep. # Title % Correct
6The Germans
87.5%
12Basil the Rat
69.3%
2The Builders
58.1%
9Waldorf Salad
51.8%
5Gourmet Night
51.7%
4The Hotel Inspectors
50.4%
11The Anniversary
49.8%
10The Kipper and the Corpse
49.3%
1A Touch of Class
43.7%
7Communication Problems
41.3%
8The Psychiatrist
39.4%
3The Wedding Party
37.9%

From the Vault

Profile: Dobby

by lucyinthesky9

Dobby will have to punish himself most grievously for failing this quiz, sir.
Remove Ads.
Support Sporcle.
Get the best of Sporcle when you Go Orange. This ad-free experience offers more features, more stats, and more fun while also helping to support Sporcle. Thank you for becoming a member.

Show Comments

Extras

Top Quizzes Today


Score Distribution

Your Account Isn't Verified!

In order to create a playlist on Sporcle, you need to verify the email address you used during registration. Go to your Sporcle Settings to finish the process.

Report this User

Report this user for behavior that violates our Community Guidelines.

Details: